| 000 | 00755nam a2200193Ia 4500 | ||
|---|---|---|---|
| 008 | 151121s9999||||xx |||||||||||||| ||und|| | ||
| 082 | _a831/श्रीनिवास | ||
| 082 | _bHNW-64658 | ||
| 100 | _aश्रीनिवास्तव एकान्त | ||
| 245 | _aअन्न हैं मेरे शब्द | ||
| 260 | _b"आधार प्रकाशन, पंचकुला-हरियाणा" | ||
| 260 | _c-- | ||
| 300 | _a103 | ||
| 600 | _aश्रीनिवास्तव एकान्त | ||
| 630 | _aअन्न हैं मेरे शब्द | ||
| 700 | _aश्रीनिवास्तव एकान्त | ||
| 730 | _aअन्न हैं मेरे शब्द | ||
| 942 | _cBOOK | ||
| 999 |
_c1246184 _d1246181 |
||